Medzinárodná migrácia a jej dopady na migračnú politiku vo Švajčiarsku
Vývoj migračných trendov, migračnej politiky a pohľad politických strán na túto oblasť verejnej politiky vo Švajčiarsku. Švajčiarsko v súčasnosti patrí k európskym krajinám s najvyšším počtom cudzincov. Problematika migrácie patrí k aktuálnym témam celospoločenskej diskusie s dopadom na volebné a hl...
Guardado en:
| Autor principal: | |
|---|---|
| Formato: | Capítulo de libro |
| Lenguaje: | eslovaco |
| Materias: | |
| Etiquetas: |
Sin Etiquetas, Sea el primero en etiquetar este registro!
|
MARC
| LEADER | 00000naa a2200000 4500 | ||
|---|---|---|---|
| 001 | 0141591 | ||
| 005 | 20240502072535.3 | ||
| 041 | 0 | |a slo | |
| 044 | |a SK | ||
| 245 | 1 | 0 | |a Medzinárodná migrácia a jej dopady na migračnú politiku vo Švajčiarsku |c Radoslav Štefančík |
| 520 | |a Vývoj migračných trendov, migračnej politiky a pohľad politických strán na túto oblasť verejnej politiky vo Švajčiarsku. Švajčiarsko v súčasnosti patrí k európskym krajinám s najvyšším počtom cudzincov. Problematika migrácie patrí k aktuálnym témam celospoločenskej diskusie s dopadom na volebné a hlasovacie správanie švajčiarskych občanov. Prezentácia migrácie v politickej teórii. Vývoj medzinárodnej migrácie na území Švajčiarska a analýza súčasného stavu švajčiarskej migračnej politiky. | ||
| 610 | 2 | 0 | |a integrácia ekonomická medzinárodná |
| 610 | 2 | 0 | |a Švajčiarsko |
| 610 | 2 | 0 | |a pohyb síl pracovných medzinárodný |
| 610 | 2 | 0 | |a politika medzinárodná |
| 610 | 2 | 0 | |a migrácia |
| 100 | 1 | |a Štefančík, Radoslav, 1976- | |